00579nam a2200121Ia 4500008004100000245009900041260002200140650001700162650014100179856004500320999001900365952007300384171212s9999 xx 000 0 und d ceditor James J. Fox, aInside Austronesian HousesbPerspectives on domestic designs for living bANU E Pressc2006 aAnthropology aDwellings -- Asia, Southeastern; Dwellings -- Oceania; Asia, Southeastern -- Social life and customs; Oceania -- Social life and customs uwww.jstor.org/stable/10.2307/j.ctt2jbj8v c351168d351168 001040aCLbCLd2017-12-12l0r2017-12-12 00:00:00w2017-12-12yCBE